Normal view MARC view
  • Mausil Singh, Suneet

Entry Personal Name

Number of records used in: 1

001 - CONTROL NUMBER

  • control field: 112871

003 - CONTROL NUMBER IDENTIFIER

  • control field: NUST

005 - DATE AND TIME OF LATEST TRANSACTION

  • control field: 20230530123936.0

008 - FIXED-LENGTH DATA ELEMENTS

  • fixed length control field: 230530|| aca||aabn | a|a d

040 ## - CATALOGING SOURCE

  • Original cataloging agency: NUST
  • Transcribing agency: NUST

100 ## - HEADING--PERSONAL NAME

  • Personal name: Mausil Singh, Suneet

670 ## - SOURCE DATA FOUND

  • Source citation: Work cat.: (NUST)179471: Mausil Singh, Suneet, GAME Programming in C/C ++ (Include CD) :, 2003:
© 2023 Central Library, National University of Sciences and Technology. All Rights Reserved.